Jurassic Park (1993): Characters by Picture - Statistics

General Stats
  • This quiz has been taken 132 times
  • The average score is 9 of 12
Answer Stats
Picture Answer % Correct
John Hammond
98%
Alan Grant
95%
Ian Malcolm
90%
Ellie Sattler
89%
Tim Murphy
81%
Dennis Nedry
79%
Lex Murphy
75%
Henry Wu
72%
John "Ray" Arnold
57%
Robert Muldoon
54%
Lewis Dodgson
50%
Donald Gennaro
45%
No matching quizzes found
Score Distribution
Percent of People with Each Score
Percentile by Number Answered
Your Score History
You have not taken this quiz